000 00232 a2200109 4500
001 68571
040 _cAnchieta - Itaigara
240 1 0 _aA corrida do espaço
_l
245 1 0 _aA corrida do espaço
650 4 _aMatemática
942 _cMX
999 _c68571
_d68571